|
|
|
|
| LEADER |
00000nam0a2200000 4500 |
| 001 |
155766 |
| 005 |
20231031152553.0 |
| 035 |
|
|
|a (RuTPU)RU\TPU\book\168946
|
| 035 |
|
|
|a RU\TPU\book\163537
|
| 090 |
|
|
|a 155766
|
| 100 |
|
|
|a 20090319d1976 de y0rusy5003 ca
|
| 101 |
0 |
|
|a rus
|
| 102 |
|
|
|a RU
|
| 105 |
|
|
|a a z 000ay
|
| 200 |
1 |
|
|a Золотые яблоки Гесперид
|e повесть
|e для среднего и старшего школьного возраста
|f В. С. Тублин
|g худож. К. Швец
|
| 210 |
|
|
|a Ленинград
|c Детская литература
|d 1987
|
| 215 |
|
|
|a 126 с.
|c ил.
|d 17 см
|
| 333 |
|
|
|a Исключено из фонда НТБ ТПУ
|
| 700 |
|
1 |
|a Тублин
|b В. С.
|g Валентин Соломонович
|4 070
|
| 702 |
|
1 |
|a Швец
|b К.
|4 440
|
| 801 |
|
0 |
|a RU
|b RuMRKP
|c 19950417
|g psbo
|
| 801 |
|
1 |
|a RU
|b 63413507
|c 20090114
|g PSBO
|
| 801 |
|
2 |
|a RU
|b 63413507
|c 20160309
|g PSBO
|
| 942 |
|
|
|c BK
|